[Event "DOM-chT"]
[Site "Santiago de los Caballeros"]
[Date "2017.08.17"]
[Round "1.3"]
[White "Alcantara Marte, Joan Marcelino"]
[Black "Alfau Sencion, Lisbeth"]
[Result "0-1"]
[WhiteElo "1735"]
[BlackElo "1671"]
[PlyCount "120"]
[EventDate "2017.08.17"]
[EventType "team-swiss"]
[EventRounds "6"]
[EventCountry "DOM"]
[SourceTitle "EXT 2019"]
[Source "ChessBase"]
[SourceDate "2018.10.10"]
[SourceVersion "1"]
[SourceVersionDate "2018.10.10"]
[SourceQuality "1"]
[WhiteTeam "Puerto Plata"]
[BlackTeam "Femenino"]
[WhiteTeamCountry "DOM"]
[BlackTeamCountry "DOM"]

1. Nf3 Nf6 2. c4 d5 3. cxd5 Nxd5 4. g3 Nc6 5. Bg2 e5 6. d3 Bb4+ 7. Bd2 Bxd2+ 8. Nbxd2 0-0 9. 0-0 Re8 10. Rc1 Be6 11. Nb3 Qd6 12. Nc5 Rab8 13. a3 Nd4 14. Nxd4 exd4 15. Qa4 Qe5 16. Rfe1 Bg4 17. Nb3 a6 18. Qxd4 Qxd4 19. Nxd4 c6 20. Bxd5 cxd5 21. Rc5 Rbd8 22. f3 Bh5 23. Rec1 Kf8 24. Kf2 Bg6 25. Rc7 Re7 26. Rxe7 Kxe7 27. Rc7+ Rd7 28. Rxd7+ Kxd7 29. Ke3 f6 30. Nb3 Be8 31. Nc5+ Kc6 32. Ne6 g6 33. Nf8 Kd6 34. Nxh7 Ke7 35. h4 Kf7 36. g4 Kg7 37. g5 Kxh7 38. gxf6 Kg8 39. Kf4 Kf7 40. Ke5 Bc6 41. f4 a5 42. f5 gxf5 43. Kxf5 Bd7+ 44. Ke5 Bg4 45. e4 dxe4 46. dxe4 Kg6 47. Kf4 Bd7 48. e5 Be6 49. h5+ Kxh5 50. f7 Bxf7 51. Kf5 Be8 52. e6 a4 53. Kf6 Kg4 54. Ke5 Bc6 55. Kd6 Kf4 56. Kc5 Ke5 57. e7 Ke6 58. Kb4 Kxe7 59. b3 axb3 60. Kxb3 Kd6 0-1

[Event "DOM-ch"]
[Site "Santo Domingo"]
[Date "2017.05.07"]
[Round "11"]
[White "Alcantara Marte, Joan Marcelino"]
[Black "Cepeda De Jesus, Renny Saul"]
[Result "0-1"]
[WhiteElo "1763"]
[BlackElo "1685"]
[PlyCount "28"]
[EventDate "2017.04.21"]
[EventType "swiss"]
[EventRounds "11"]
[EventCountry "DOM"]
[SourceTitle "EXT 2018"]
[Source "ChessBase"]
[SourceDate "2017.10.13"]
[SourceVersion "1"]
[SourceVersionDate "2017.10.13"]
[SourceQuality "1"]

1. d4 Nf6 2. g3 g6 3. Bg2 Bg7 4. Nf3 0-0 5. 0-0 d6 6. Nbd2 Nbd7 7. e4 e5 8. d5 Nc5 9. Re1 Nh5 10. b4 Na6 11. Rb1 f5 12. exf5 Bxf5 13. Nh4 Bd7 14. Ne4 Qc8 0-1

[Event "DOM-ch"]
[Site "Santo Domingo"]
[Date "2017.04.23"]
[Round "4"]
[White "Sanchez Puente, Carlos Johan"]
[Black "Alcantara Marte, Joan Marcelino"]
[Result "1-0"]
[WhiteElo "1901"]
[BlackElo "1763"]
[PlyCount "77"]
[EventDate "2017.04.21"]
[EventType "swiss"]
[EventRounds "11"]
[EventCountry "DOM"]
[SourceTitle "CBM 178 Extra"]
[Source "ChessBase"]
[SourceDate "2017.06.22"]
[SourceVersion "1"]
[SourceVersionDate "2017.06.22"]
[SourceQuality "1"]

1. d4 Nf6 2. c4 g6 3. Nc3 Bg7 4. e4 d6 5. f4 0-0 6. Nf3 c5 7. dxc5 dxc5 8. Qxd8 Rxd8 9. e5 Ne8 10. Nd5 Nc6 11. Be3 b6 12. 0-0-0 Bf5 13. a3 e6 14. Nc3 Na5 15. b4 cxb4 16. axb4 Nc6 17. b5 Na5 18. Be2 Rdc8 19. c5 Nb3+ 20. Kb2 Nxc5 21. Bxc5 Rxc5 22. Nd4 h5 23. Nc6 Bf8 24. Bf3 Rc8 25. Rd7 Rc7 26. Rhd1 Rxd7 27. Rxd7 f6 28. h3 h4 29. Rxa7 fxe5 30. fxe5 Bg7 31. Rb7 Bxe5 32. Nxe5 Rxe5 33. Rxb6 Nf6 34. Rb8+ Kg7 35. b6 Nd5 36. Nxd5 exd5 37. b7 Re1 38. Bxd5 Rb1+ 39. Kc3 1-0